00549nam a2200181Ia 450000500170000000800410001704000190005804100120007708200190008924500710010826000430017930000160022250400400023865000190027865100390029770000210033685000100035720230113105151.0131103s9999 xx 000 0 und d aLoreto College aEnglish a821.4bSPE-BER aSpenserb a collection of critical essays cedited by Harry Berger aEnglewood CliffsbPrentice Hallc1968 avii,182 p.  aincludes bibliographical references aEnglish Poetry a16th Century Poet - Edmund Spenser aBerges,Harry,ed. aLCLIB